Buen gobierno y política social /

Uloženo v:
Podrobná bibliografie
Hlavní autor: Giner, Salvador
Další autoři: ed. Sarasa, Sebastián ed
Médium: Text
Vydáno: Barcelona: Ariel S.A.
Témata:
Tagy: Přidat tag
Žádné tagy, Buďte první, kdo vytvoří štítek k tomuto záznamu!

MARC

LEADER 00000 a a2200000 04500
001 31841
003
040
020 |a 84-344-1809-6  
090 |a 199801  
100 |a Giner, Salvador  
245 |a Buen gobierno y política social /  |c Salvador Giner 
260 |a Barcelona:   |b Ariel S.A.  
300 |a 245 p.  
650 |a GLOBALIZACION  
650 |a NEOLIBERALISMO  
650 |a ESTRUCTURA DEL EMPLEO  
650 |a SUBEMPLEO  
650 |a EMPLEO A TIEMPO PARCIAL  
650 |a DESEMPLEO  
650 |a TRABAJADORES  
650 |a ASPECTOS PSICOLOGICOS  
650 |a CONSECUENCIAS SOCIALES  
650 |a AGRESION  
650 |a SEGURIDAD SOCIAL  
650 |a MERCADO DE TRABAJO  
650 |a PARTICIPACION DE LA MUJER  
650 |a TRABAJADORES JOVEN  
700 |a ed.   |a Sarasa, Sebastián   |a ed.  
999 |c 8834  |d 8834